000 01848nam a2200481Ii 4500
001 DIGSLMNDRA0136
003 NyNyDIG
008 220929s2013 sp o 000 f spa d
006 m o d
007 cr |||||||||||
035 _a(OCoLC)1013714812
040 _aDGITA
_beng
_erda
_epn
_cDGITA
020 _a9788415629511
_qlibro electrónico
020 _z9788498384826
041 1 _aspa
_hger
050 1 4 _aPT2720.I73 ebook
100 1 _aSchirach, Ferdinand von,
_d1964-
_eauthor.
240 1 0 _aSchuld.
_lSpanish
_s(Díez Pérez)
245 1 0 _aCulpa /
_cFerdinand von Schirach ; traducción del alemán, María José Díez Pérez.
250 _aPrimera edición en libro electrónico (epub)
264 1 _aBarcelona :
_bSalamandra,
_c[2013]
300 _a1 online resource.
336 _atext
_btxt
_2rdacontent
337 _acomputer
_bc
_2rdamedia
338 _aonline resource
_bcr
_2rdacarrier
347 _atext file
_2rdaft
347 _bEPUB
490 1 _aNarrativa Salamandra
588 0 _aOnline resource; title from ePub title page (Digitalia, viewed September 29, 2022)
650 0 _aGuilt
_vFiction.
650 0 _aInnocence (Psychology)
_vFiction.
650 0 _aResponsibility
_vFiction.
655 7 _aNovels.
_2lcgft
700 1 _aDíez Pérez, Ma. José
_q(María José),
_etranslator.
700 1 _iTranslation of:
_aSchirach, Ferdinand von,
_d1964-
_tSchuld.
791 2 _aDigitalia (Firm),
_edistributor.
793 0 _gDigitalia eBook Collection:
_aEdiciones Salamandra
776 0 8 _iPrint version:
_aSchirach, Ferdinand von, 1964-
_sSchuld. Spanish (Díez Pérez).
_tCulpa.
_dBarcelona : Salamandra, 2012
_z9788498384826
830 0 _aNarrativa (Salamandra (Firm))
856 4 0 _3Digitalia Hispánica
_uhttps://www.digitaliapublishing.com/a/48220/
910 _aPremium collection: 2022
942 _cRAA
999 _c250739
_d250739